000 00848nas a2200277 4500
001 BR0303711
003 BR-BrBNA
005 20231205103947.0
007 ta
008 230509b bl.|||p| |||| 00| 00por d
040 _aBR-BrBNA
_bpor
_cBiblioteca Nacional de Agricultura
041 _a(Pt)
072 _aF08
100 1 _aVilela Junior, L.V.E.
100 1 _aAeaújo, J.A.C.
100 1 _aFactor, T.L.
245 1 _aComportamento do meloeiro em cultivo sem solo com a utilização de biofertilizante
650 _aMELÃO
650 _aCULTIVO HIDROPÔNICO
650 _aBIOFERTILIZANTE
650 _aSOLUÇÃO NUTRITIVA
650 _aRESPOSTA DA PLANTA
773 0 _tHorticultura Brasileira (Brazil)
_xISSN 0102-0536
_g(Jun 2003), v. 21(2) p. 154-158
_wBR0303711
909 _a202311
_bLúcia
_c55
_dLúcia Elande
942 _2AGRIS
_n0
_cANA
999 _c175669
_d175669